00468nam a2200145Ia 4500008004100000100001900041245010800060245001900168260005900187260000900246300000800255650001800263650001500281856002600296170221s9999 xx 000 0 und d aKati Förster aDo Emotions Pay Off? Effects of Media Brand Emotions on Cognitive Relief, Identification and Prestige  cKati Förster bOnline Journal of Communication and Media Technologies c2012 a9 : xCommunication xMedia Arts uhttp://www.ojcmt.net/